01680nam a2200373 i 4500001001000000003000400010005001700014008004100031020003000072020002700102040002600129082002300155100003200178245011800210250003200328260006900360300004100429490002000470500002500490500002700515500002400542504004100566650002900607650003400636653002200670655002400692700002900716700003200745942002300777999001700800952016000817952017200977952015701149016332472OSt20141009144351.0130502t2014 xxua frbd 001 0 eng d a9780133141726 (paperback) a0136474721 (paperback) aUkbengcUkdEG-ScBUE00a618.20231222bLAD1 aLadewig, Patricia W.93617410aContemporary maternal-newborn nursing care /cPatricia A. Wieland Ladewig, Marcia L. London, Michele R. Davidson. a8th ed.,binternational ed. aUpper Saddle River, United States :bPearson Education,cc.2014. axii, 831 p. :bill. (col.) ;c28 cm.0 aAlways Learning aIncludes appendixes. aGlossary : p. 771-786. aIndex : p. 787-831. aIncludes bibliographical references. 0aMaternity nursing912162 0aMaternal-Child Nursing912164 bNNURcOctober2014 vreading book9342321 aLondon, Marcia L.9203541 aDavidson, Michele R.922311 2ddck618.20231 LAD c18440d18412 00102ddc40708BaccahaMAINbMAINc1STd2014-10-09epurchaseg264.00h20526l4m38o618.20231 LADp000036547r2025-07-15 00:00:00s2020-02-27v330.00yBB 00102ddc40708BaccahaMAINbMAINc1STd2014-10-09epurchaseg264.00h20526l7m47o618.20231 LADp000036548q2024-11-19r2024-10-20 00:00:00s2024-10-20v330.00yBB 00102ddc40708AUCaMAINbMAINc1STd2014-10-09epurchaseg264.00h20526l6m37o618.20231 LADp000036549r2026-01-12 00:00:00s2025-12-03v330.00yBB